=LDR 00000nam 2200000 4500 =001 NUTBA000000000005713 =005 20200207072953 =035 ##$$a 0010-111400000000192 =008 200207################g##########0#ind## =041 ##$$a nd =082 ##$$a 000 =090 ##$$a 001.422 5, Sop a =100 #$$a Rafaela, N =245 1#$$a Buku Pintar Pengetahuan Paling Unik Sedunia untuk Anak Cerdas : $b 100% unik & beda /$c N. Rafaela =260 ##$$a Yogyakarta :$b Araska,$c 2013 =300 ##$$a 127 hlm. : $b ilus. ; $c 13,5 x 20,5 cm =650 #4$$a Pengetahuan umum =850 ##$$a NBPNMAT =020 ##$$a 978-602-7733-85-5 =084 ##$$a 000 RAF b =250 ##$$a Cet. I =500 ##$$a Bibliografi : hlm. 127 =990 ##$$a 21414317 =990 ##$$a 21414318 =990 ##$$a 21414319 =990 ##$$a 21414320 =990 ##$$a 21414319 =990 ##$$a 21414317 =990 ##$$a 21414318 =990 ##$$a 21414320 =990 ##$$a 21414320 =990 ##$$a 21414317 =990 ##$$a 21414318 =990 ##$$a 21414319 =990 ##$$a 21414318 =990 ##$$a 21414317 =990 ##$$a 21414319 =990 ##$$a 21414320 =990 ##$$a 21414317 =990 ##$$a 21414318 =990 ##$$a 21414319 =990 ##$$a 21414320 =990 ##$$a 21414320 =990 ##$$a 21414317 =990 ##$$a 21414318 =990 ##$$a 21414319 =990 ##$$a 21414319 =990 ##$$a 21414317 =990 ##$$a 21414318 =990 ##$$a 21414320 =990 ##$$a 21414317 =990 ##$$a 21414318 =990 ##$$a 21414319 =990 ##$$a 21414320 =990 ##$$a 21414317 =990 ##$$a 21414318 =990 ##$$a 21414319 =990 ##$$a 21414320